Využívanie informačných technológií vo vybraných odvetviach hospodárstva SR
Preskúmanie stavu využívania informačných technológií a informačných systémov v odvetví poľnohospodárstva a strojárskeho priemyslu. Stratégia v oblasti informačných technológií.
Salvato in:
| Autore principale: | |
|---|---|
| Natura: | Capitolo di libro |
| Lingua: | slovacco |
| Soggetti: | |
| Tags: |
Nessun Tag, puoi essere il primo ad aggiungerne!!
|
MARC
| LEADER | 00000naa$a2200000$$$4500 | ||
|---|---|---|---|
| 001 | 0023462 | ||
| 005 | 20240502071417.7 | ||
| 041 | 0 | |a slo | |
| 044 | |a SK | ||
| 245 | 1 | 0 | |a Využívanie informačných technológií vo vybraných odvetviach hospodárstva SR |c Peter Mesároš |
| 520 | |a Preskúmanie stavu využívania informačných technológií a informačných systémov v odvetví poľnohospodárstva a strojárskeho priemyslu. Stratégia v oblasti informačných technológií. | ||
| 610 | 2 | 0 | |a technológie informačné |
| 610 | 2 | 0 | |a systémy informačné |
| 610 | 2 | 0 | |a ekonomika nová |
| 610 | 2 | 0 | |a poľnohospodárstvo |
| 610 | 2 | 0 | |a priemysel strojársky |
| 100 | 1 | |a Mesároš, Peter | |